Γεωργικές κατασκευές

Αποθηκεύτηκε σε:
Λεπτομέρειες βιβλιογραφικής εγγραφής
Κύριος συγγραφέας: Αναστόπουλος, Αναστάσιος Ν.
Μορφή: Βιβλίο
Γλώσσα:Greek
Δημοσίευση: Αθήνα : Ιδρυμα Ευγενίδου, 1987
Θέματα:
Ετικέτες: Προσθήκη ετικέτας
Δεν υπάρχουν, Καταχωρήστε ετικέτα πρώτοι!

MARC

LEADER 00000nam a2200000 i 4500
001 1/71649
008 960318s1987 gre d
035 |a 1989  |b 2  |c Δωρεά  |l 10031013 
040 |a GR-MY-UA  |b gre  |e aacr 
041 0 |a gre 
082 0 |a 631.2 
100 1 |a Αναστόπουλος, Αναστάσιος Ν. 
245 1 0 |a Γεωργικές κατασκευές /  |c Αναστάσιος Ν.Αναστόπουλος 
260 |a Αθήνα :   |b Ιδρυμα Ευγενίδου,   |c 1987 
300 |a 231 σ. 
650 0 0 |a Farm buildings. 
650 0 0 |a Agricultural engineering. 
852 |a INST  |b RHODES  |e 19960318  |h 631.2 ΑΝΑ  |p 005400002003  |q 005400002003  |t BK  |y 620 
852 |a INST  |b RHODES  |e 19960318  |h 631.2 ΑΝΑ  |p 005400002004  |q 005400002004  |t BK  |y 0 
852 |a INST  |b RHODES  |e 19960318  |h 631.2 ΑΝΑ  |p 005400002005  |q 005400002005  |t BK  |y 620 
909 |a Ρ  |b 014562 
909 |a Ρ  |b 014563 
909 |a Ρ  |b 014564